| 000 | 00527nam a2200169Ia 4500 | ||
|---|---|---|---|
| 001 | 10419 | ||
| 003 | GE_BSU | ||
| 008 | 181216s||||||||xx |||||||||||||| ||und|| | ||
| 040 | _cGE_BSU | ||
| 245 | _aУспехи современной биологии, Том 134.№2.2014. Март-Апрель | ||
| 245 | _cгл.ред.И.А.Захаров-Гезехус и др. | ||
| 260 | _aМосква | ||
| 260 | _c2014 | ||
| 300 | _a207стр.29см. | ||
| 653 | _aУспехи современной биологии | ||
| 942 | _cCR | ||
| 999 |
_c43679 _d43679 |
||